000 00570nam a22002177a 4500
003 UA-OsUOA
001 133687
007 ta
008 20181029b un ||||| |||| 00| 0 ukr d
100 _aКосінова О.
090 _a82
_bК71
942 _cSA
040 _aUA-OsUOA
_bukr
_cUA-OsUOA
_dUA-OsUOA
245 _aПавло Тичина - маестро поетичного слова
300 _aС.54-60
955 _a0
041 _aukr
080 _a82
773 0 _w133683
650 7 _a82 Література. Літературознавство
_2UDC
999 _c422618
_d422618